<?xml version="1.0" encoding="UTF-8"?>
<record
    xmlns:xsi="http://www.w3.org/2001/XMLSchema-instance"
    xsi:schemaLocation="http://www.loc.gov/MARC21/slim http://www.loc.gov/standards/marcxml/schema/MARC21slim.xsd"
    xmlns="http://www.loc.gov/MARC21/slim">

  <leader>01526nam a22001577a 4500</leader>
  <controlfield tag="005">20240717105659.0</controlfield>
  <controlfield tag="008">240717b           ||||| |||| 00| 0 eng d</controlfield>
  <datafield tag="020" ind1=" " ind2=" ">
    <subfield code="a">9780073515304</subfield>
  </datafield>
  <datafield tag="050" ind1=" " ind2=" ">
    <subfield code="a">LB1139.25.T34(2e)</subfield>
  </datafield>
  <datafield tag="100" ind1=" " ind2=" ">
    <subfield code="9">Paciorek, Karen Menke.</subfield>
  </datafield>
  <datafield tag="245" ind1=" " ind2=" ">
    <subfield code="a">Taking side: Clasing views in early childhood education /</subfield>
    <subfield code="c"> Menke Karen Paciorek</subfield>
  </datafield>
  <datafield tag="260" ind1=" " ind2=" ">
    <subfield code="a">New York :</subfield>
    <subfield code="b">McGraw Hill, </subfield>
    <subfield code="c">2008</subfield>
  </datafield>
  <datafield tag="300" ind1=" " ind2=" ">
    <subfield code="a">xx, 290 p.:</subfield>
    <subfield code="c">23cm</subfield>
  </datafield>
  <datafield tag="505" ind1=" " ind2=" ">
    <subfield code="a">Contents: Children in families and society: Should brain guide educational practices -- Should young children use computers? -- Is time - out an effective guidance technique -- Does nightly homework improve academic performance? -- Children in educational programs: Should superhero or violent play be discouraged? -- Should transition grades be abolished? -- Is being older better when entering kindergarten? Is grade retention harmful to children? -- Should educators address students' unhealthy lifestyle choices? -- Are english language learners best served in an immersion language model? -- Does learning to read involve more than phonics? -- Should recess be included in a school day? -- Are Looping classrooms effective learning settings -- Educational policies: Should public money be spent on university preschool? -- Is regular testing the best way to improve academic performance? -- Will school improvement efforts alone narrow the racial/ethnic achievement gap? -- Should corporal punishment in school be outlawed? -- Are boys in crisis in our school. </subfield>
  </datafield>
  <datafield tag="942" ind1=" " ind2=" ">
    <subfield code="2">lcc</subfield>
    <subfield code="c">BK</subfield>
  </datafield>
  <datafield tag="999" ind1=" " ind2=" ">
    <subfield code="c">10290</subfield>
    <subfield code="d">17790</subfield>
  </datafield>
  <datafield tag="952" ind1=" " ind2=" ">
    <subfield code="0">0</subfield>
    <subfield code="1">0</subfield>
    <subfield code="2">lcc</subfield>
    <subfield code="4">0</subfield>
    <subfield code="7">0</subfield>
    <subfield code="a">WIUC-1</subfield>
    <subfield code="b">WIUC-1</subfield>
    <subfield code="c">REF</subfield>
    <subfield code="d">2024-07-17</subfield>
    <subfield code="l">0</subfield>
    <subfield code="o">LB1139.25.T34(2e)</subfield>
    <subfield code="p">9742/443/24</subfield>
    <subfield code="r">2024-07-17 00:00:00</subfield>
    <subfield code="t">1</subfield>
    <subfield code="w">2024-07-17</subfield>
    <subfield code="y">BK</subfield>
  </datafield>
</record>
